| 000 | 00815nam a2200217 a 4500 | ||
|---|---|---|---|
| 005 | 20260322212012.0 | ||
| 008 | data | ||
| 010 | _a74-28001 | ||
| 020 | _a0080187587 | ||
| 020 | _a978-0-08-018758-7 | ||
| 096 | _aWM 32 M748c 1976 | ||
| 100 | 1 |
_aMonahan, John, _d1946- |
|
| 245 | 1 | 0 |
_aCommunity mental health and the criminal justice system/ _cJohn Monahan. |
| 260 |
_aNew York _bPergamon Press _cc1976 |
||
| 300 | _axvi, 332 p. | ||
| 500 | _aIncludes bibliographic references and index. | ||
| 650 | 0 | 2 |
_aCommunity Mental Health Services _vcollected works |
| 650 | 0 | 2 |
_aCriminology _vcollected works |
| 856 | 4 | 0 |
_uhttps://openlibrary.org/works/OL2093550W/Community_mental_health_and_the_criminal_justice_system?edition=communitymentalh0000mona _yOnline access from the Open Library. _zRequires free sign up. |
| 001 | data | ||
| 999 |
_c261 _d261 |
||